[Event "San Francisco TNM Fall op"]
[Site "San Francisco"]
[Date "2009.12.01"]
[Round "7"]
[White "Hilliard, Michael"]
[Black "Durig, Alex"]
[Result "1-0"]
[WhiteElo "1467"]
[BlackElo "1342"]
[PlyCount "83"]
[EventDate "2009.10.20"]
[EventType "swiss"]
[EventRounds "9"]
[EventCountry "USA"]
[SourceTitle "EXT 2012"]
[Source "ChessBase"]
[SourceDate "2011.11.24"]
[SourceVersion "1"]
[SourceVersionDate "2011.11.24"]
[SourceQuality "1"]

1. d4 g6 2. c4 e6 3. Nc3 d6 4. e4 c6 5. Nf3 Nd7 6. Bf4 Nb6 7. Be2 Qe7 8. 0-0 Bg7 9. Qd2 Bd7 10. Rad1 f6 11. Bxd6 Qxd6 12. c5 Qc7 13. cxb6 Qxb6 14. e5 Bh6 15. Qc2 f5 16. Na4 Qd8 17. Nc5 Rb8 18. Qb3 Qc8 19. Bc4 Ke7 20. Qb4 Kf7 21. Rd3 Bf8 22. Qb3 h6 23. Rfd1 Ne7 24. Rc3 Nd5 25. Rc2 Be7 26. Bxd5 cxd5 27. Nxe6 Bc6 28. Nf4 Qd7 29. e6+ Qxe6 30. Nxe6 Kxe6 31. Re1+ Kf6 32. Rce2 Rhe8 33. Re6+ Kf7 34. Ne5+ Kxe6 35. Nxc6+ Kd6 36. Nxb8 Rxb8 37. Qb4+ Kc6 38. Rxe7 b6 39. Re6+ Kb7 40. Re7+ Ka8 41. Qd6 Rb7 42. Re8+ 1-0

[Event "San Francisco TNM Fall op"]
[Site "San Francisco"]
[Date "2009.11.17"]
[Round "5"]
[White "Mar, Henry"]
[Black "Durig, Alex"]
[Result "0-1"]
[WhiteElo "1500"]
[BlackElo "1342"]
[PlyCount "130"]
[EventDate "2009.10.20"]
[EventType "swiss"]
[EventRounds "9"]
[EventCountry "USA"]
[SourceTitle "EXT 2012"]
[Source "ChessBase"]
[SourceDate "2011.11.24"]
[SourceVersion "1"]
[SourceVersionDate "2011.11.24"]
[SourceQuality "1"]

1. e4 c5 2. Nf3 d6 3. d4 cxd4 4. Nxd4 e5 5. Nb3 Be7 6. Nc3 Nf6 7. Bc4 Be6 8. Bb5+ Nbd7 9. 0-0 a6 10. Bd3 0-0 11. Be3 Rc8 12. f3 Re8 13. Be2 Rc6 14. Nd5 Bf8 15. c4 Nc5 16. Na5 Rc8 17. b4 b6 18. bxc5 bxa5 19. cxd6 Bxd6 20. Bb6 Bc5+ 21. Bxc5 Rxc5 22. Qa4 Nd7 23. Rfd1 Bxd5 24. Rxd5 Rxd5 25. cxd5 Nc5 26. Qd1 Qb6 27. Kh1 Rb8 28. h3 Qb2 29. Qe1 Rb4 30. Qf1 Rb6 31. Bc4 g5 32. Qd1 Rd6 33. Rb1 Qc3 34. Qc1 Qxc1+ 35. Rxc1 a4 36. Be2 Nd7 37. Rc6 Rg6 38. Rxg6+ hxg6 39. Bxa6 Kf8 40. a3 Ke7 41. Bb5 Nb6 42. Kg1 Kd6 43. Kf1 Ke7 44. Ke2 f5 45. Kd3 f4 46. Kc3 Kd6 47. Be8 Kc5 48. Bxg6 Nc4 49. Be8 Nxa3 50. Bxa4 Nc4 51. Bd7 Ne3 52. Kd2 Nxg2 53. Ke2 Ne3 54. Kf2 Nc4 55. Kg1 Nb6 56. Be6 Kd6 57. Kh2 Nc4 58. h4 gxh4 59. Kh3 Nd2 60. Bg4 Ke7 61. Kxh4 Nc4 62. Kg5 Kf7 63. Bh5+ Ke7 64. Kf5 Kd6 65. Kf6 Kd7 0-1

[Event "San Francisco TNM Fall op"]
[Site "San Francisco"]
[Date "2009.11.10"]
[Round "4"]
[White "Sherwood, Peter"]
[Black "Durig, Alex"]
[Result "1-0"]
[WhiteElo "1737"]
[BlackElo "1342"]
[PlyCount "83"]
[EventDate "2009.10.20"]
[EventType "swiss"]
[EventRounds "9"]
[EventCountry "USA"]
[SourceTitle "EXT 2012"]
[Source "ChessBase"]
[SourceDate "2011.11.24"]
[SourceVersion "1"]
[SourceVersionDate "2011.11.24"]
[SourceQuality "1"]

1. e4 c5 2. Nf3 e6 3. d4 cxd4 4. Nxd4 Bc5 5. Nb3 b6 6. Nxc5 bxc5 7. Bd3 d5 8. 0-0 d4 9. Qg4 g6 10. Na3 Ba6 11. Nc4 Nc6 12. Qg3 Nf6 13. Nd6+ Ke7 14. Nxf7 Kxf7 15. Bxa6 Nb4 16. Bd3 Nxd3 17. cxd3 Nd7 18. f4 Kg7 19. f5 Rf8 20. fxe6 Rxf1+ 21. Kxf1 Qf6+ 22. Kg1 Qxe6 23. b3 a5 24. Qf2 Ne5 25. Qc2 Rc8 26. Bf4 Nd7 27. Rc1 h6 28. Bd2 Qb6 29. Qd1 Ra8 30. Bf4 Re8 31. Qg4 Re7 32. Bxh6+ Kxh6 33. Qh4+ Kg7 34. Qxe7+ Kh6 35. Qxd7 Qb4 36. Qd5 Qd2 37. Qc4 Qxa2 38. Qc2 Qa3 39. e5 Qb4 40. e6 c4 41. Qxc4 Qe7 42. Rf1 1-0

[Event "San Francisco TNM Max Wilkerson op"]
[Site "San Francisco"]
[Date "2009.09.22"]
[Round "8"]
[White "Allen, Tom"]
[Black "Durig, Alex"]
[Result "1-0"]
[WhiteElo "1526"]
[BlackElo "1234"]
[PlyCount "63"]
[EventDate "2009.08.03"]
[EventType "swiss"]
[EventRounds "9"]
[EventCountry "USA"]
[SourceTitle "EXT 2012"]
[Source "ChessBase"]
[SourceDate "2011.11.24"]
[SourceVersion "1"]
[SourceVersionDate "2011.11.24"]
[SourceQuality "1"]

1. e4 c5 2. d4 cxd4 3. c3 dxc3 4. Nxc3 e5 5. Nf3 Nc6 6. Bc4 Nf6 7. 0-0 Bb4 8. Nd5 Nxe4 9. Nxb4 Nxb4 10. Bxf7+ Kxf7 11. Qb3+ d5 12. Qxb4 Re8 13. b3 b6 14. Re1 a5 15. Qa3 Bb7 16. Qb2 d4 17. Rxe4 Bxe4 18. Ng5+ Kg8 19. Nxe4 h6 20. Qe2 Rc8 21. Ba3 Re6 22. Qd3 Rec6 23. h3 Qd7 24. Qg3 Qf5 25. Nd6 Rxd6 26. Bxd6 d3 27. Qxe5 Qxe5 28. Bxe5 Re8 29. Bc3 Re2 30. Rd1 Rxa2 31. Rxd3 Rb2 32. Bxb2 1-0

[Event "San Francisco TNM Max Wilkerson op"]
[Site "San Francisco"]
[Date "2009.08.25"]
[Round "4"]
[White "Durig, Alex"]
[Black "Hilliard, Michael"]
[Result "0-1"]
[WhiteElo "1234"]
[BlackElo "1400"]
[PlyCount "46"]
[EventDate "2009.08.03"]
[EventType "swiss"]
[EventRounds "9"]
[EventCountry "USA"]
[SourceTitle "EXT 2012"]
[Source "ChessBase"]
[SourceDate "2011.11.24"]
[SourceVersion "1"]
[SourceVersionDate "2011.11.24"]
[SourceQuality "1"]

1. e4 c6 2. Nf3 d5 3. exd5 cxd5 4. d4 Nf6 5. c4 e6 6. g3 Bb4+ 7. Nc3 0-0 8. Bd3 Nc6 9. 0-0 b6 10. Bf4 Bb7 11. Ne5 dxc4 12. Be4 Rc8 13. d5 Nxe5 14. Bxe5 Bxc3 15. Bxf6 Bxf6 16. Qc2 g6 17. h4 exd5 18. Bf3 Qd7 19. Kg2 d4 20. Bxb7 Qxb7+ 21. f3 d3 22. Qd2 Rfe8 23. Rae1 Re7 0-1

[Event "San Francisco TNM Summer op"]
[Site "San Francisco"]
[Date "2009.07.14"]
[Round "8"]
[White "Nelson, Christopher"]
[Black "Durig, Alex"]
[Result "1-0"]
[WhiteElo "1398"]
[BlackElo "1234"]
[PlyCount "51"]
[EventDate "2009.05.26"]
[EventType "swiss"]
[EventRounds "8"]
[EventCountry "USA"]
[SourceTitle "EXT 2012"]
[Source "ChessBase"]
[SourceDate "2011.11.24"]
[SourceVersion "1"]
[SourceVersionDate "2011.11.24"]
[SourceQuality "1"]

1. e4 c5 2. d4 d6 3. d5 Nf6 4. Nc3 a6 5. Nf3 Qc7 6. Bg5 Nfd7 7. Be2 g6 8. Qd2 e6 9. dxe6 fxe6 10. Bh6 Nb6 11. Bxf8 Rxf8 12. a4 a5 13. Nb5 Qd7 14. Nxd6+ Kd8 15. Ne5 Qg7 16. Nf5+ Qd7 17. Nxd7 N6xd7 18. Nd6 Nc6 19. Nxc8 Rxc8 20. Rd1 Rc7 21. Bb5 Ncb8 22. Bxd7 Rxd7 23. Qxa5+ Kc8 24. Qxc5+ Nc6 25. Qxf8+ Kc7 26. Rxd7+ 1-0